000 00222 a2200097 4500
001 13521
100 _aBerding A.H
245 _aDulls on diplomacy
260 _aNew Jersey
_bD Van Nostrand co inc
_c
090 _c10525
_d10525
942 _aNUST-CAE
_cM
_c587
999 _c248594
_d248594